| 000 | 02302nam0a2200349 i 4500 | ||
|---|---|---|---|
| 001 | RU\NLR\BIBL_A\010005444 | ||
| 005 | 20260408111657.0 | ||
| 010 |
_a9785964402060 _9100 |
||
| 021 |
_aRU _b2013-81715 _95644 |
||
| 035 | _a(NILC)RuMoRGB-006679026 | ||
| 035 | _a(NLR Aleph) 010005444 | ||
| 090 |
_a9822116 _c9822116 |
||
| 100 | _a20131119d2013 k y0rusy50 ca | ||
| 101 | 0 | _arus | |
| 102 | _aRU | ||
| 105 | _ay|||z||||00yy | ||
| 200 | 1 |
_aМодернизация профессионального образования в новых социально-экономических условиях: теория и практика _eматериалы VIII Межрегиональной научно-практической конференции, г. Невинномысск, 24 мая 2013 года _f[редкол.: С. В. Фролко (гл. ред.), В. Р. Чагилов (отв. ред.)] |
|
| 210 |
_aНевинномысск _cНГГТИ _d2013 |
||
| 215 |
_a368 с. _cил., табл. _d21 |
||
| 300 | _aВ надзаг.: М-во образования Ставропольского края, Гос. авт. образовательное учреждение высш. проф. образования "Невинномысский гос. гуманитарно-технический ин-т" | ||
| 320 | _aБиблиогр. в примеч. | ||
| 606 | 1 |
_aПрофессиональное образование _jСъезды, совещания и т.п _xМодернизация _yРоссийская Федерация _92454639 _3RU\NLR\AUTH\661459144 |
|
| 675 | _a378.1(082) | ||
| 686 | 1 | _aЧ454(2Р)я431 | |
| 702 | 1 |
_aЧагилов _bВ. Р. _gВалерий Расулович _4340 |
|
| 711 | 1 | 2 |
_a"Модернизация профессионального образования в новых социально-экономических условиях: теория и практика", межрегиональная научно-практическая конференция _d8 _eНевинномысск _f2013 _9383933 _3RU\NLR\AUTH\880358201 |
| 801 | 0 |
_aRU _bRuMoRKP _c20131014 _gRCR |
|
| 801 | 2 |
_aRU _bРГБ _c20131024 _grcr |
|
| 942 | _cBOOK | ||
| 980 | _aNBR | ||